Home Pork Making (Record no. 261669)
[ view plain ]
| 000 -LEADER | |
|---|---|
| fixed length control field | 01179cam a22002533a 4500 |
| 001 - CONTROL NUMBER | |
| control field | 32414 |
| 003 - CONTROL NUMBER IDENTIFIER | |
| control field | PGUSA |
| 005 - DATE AND TIME OF LATEST TRANSACTION | |
| control field | 20140828083713.0 |
| 008 - FIXED-LENGTH DATA ELEMENTS--GENERAL INFORMATION | |
| fixed length control field | 100518s2010||||xxu|||||s|||||000 | eng d |
| 040 ## - CATALOGING SOURCE | |
| Original cataloging agency | PGUSA |
| Language of cataloging | eng |
| 042 ## - AUTHENTICATION CODE | |
| Authentication code | dc |
| 050 #4 - LIBRARY OF CONGRESS CALL NUMBER | |
| Classification number | TS |
| 100 1# - MAIN ENTRY--PERSONAL NAME | |
| Personal name | Fulton, A. W. |
| Fuller form of name | (Albert Watson), |
| Dates associated with a name | 1859- |
| 245 10 - TITLE STATEMENT | |
| Title | Home Pork Making |
| Medium | [electronic resource] / |
| Statement of responsibility, etc | A. W. Fulton |
| 260 ## - PUBLICATION, DISTRIBUTION, ETC. (IMPRINT) | |
| Name of publisher, distributor, etc | Project Gutenberg, |
| Date of publication, distribution, etc | 2010 |
| 505 0# - FORMATTED CONTENTS NOTE | |
| Formatted contents note | Introduction -- Pork making on the farm -- Finishing off hogs for bacon -- Slaughtering -- Scalding and scraping -- Dressing and cutting -- What to do with the offal -- The fine points in making lard -- Pickling and barreling -- Care of hams and shoulders -- Dry salting bacon and sides -- Smoking and smokehouses -- Keeping hams and bacon -- Side lights on pork making -- Packing house cuts of pork -- Magnitude of the swine industry -- Discovering the merits of roast pig -- Recipes for cooking and serving pork. |
| 506 ## - RESTRICTIONS ON ACCESS NOTE | |
| Terms governing access | Public domain in the USA. |
| 516 ## - TYPE OF COMPUTER FILE OR DATA NOTE | |
| Type of computer file or data note | Electronic text |
| 653 ## - INDEX TERM--UNCONTROLLED | |
| Uncontrolled term | Pork |
| 653 ## - INDEX TERM--UNCONTROLLED | |
| Uncontrolled term | Cooking (Pork) |
| 830 #0 - SERIES ADDED ENTRY--UNIFORM TITLE | |
| Uniform title | Project Gutenberg |
| Volume number/sequential designation | 32414 |
| 856 40 - ELECTRONIC LOCATION AND ACCESS | |
| Uniform Resource Identifier | <a href="http://www.gutenberg.org/ebooks/32414">http://www.gutenberg.org/ebooks/32414</a> |
| 942 ## - ADDED ENTRY ELEMENTS (KOHA) | |
| Koha item type | eBooks |
| Withdrawn status | Lost status | Damaged status | Home library | Current library | Date acquired | Total Checkouts | Date last seen | Price effective from | Koha item type |
|---|---|---|---|---|---|---|---|---|---|
| Project Gutenberg | Project Gutenberg | 08/28/2014 | 08/28/2014 | 08/28/2014 | eBooks |